00463nam a2200133 a 450000100100000000500170001000800410002704000250006808200150009310000290010824500860013726000720022330000340029500003038820200930062303.0110516s1956 dr 000 0 spa d aDO-SdBNPbspacBNPHU axxxbP645P1 aPaíno Pichardo, Rafael10aPlinio B. Pina Chevalier :bsemblanza de un caballero /cRafael Paíno Pichardo. aCiudad Trujillo, República Dominicana :bEditora Montalvo,c1956. a31 p. :bil., retr. ;c23 cm.